History Quiz

Random History or State Quiz

States That Presidents Governed Quiz Stats

 Plays Quiz Updated Nov 8, 2017

Challenge
Share
Tweet
Embed
Score 0/17 Timer 04:00
1 Play Today
% Correct
Texas
95.5%
Arkansas
92.8%
California
91.7%
Georgia
83.7%
New York
81.6%
Virginia
80.8%
New York
70.9%
Virginia
69.7%
Tennessee
59.5%
% Correct
New York
56.3%
New York
53.2%
Ohio
52%
Ohio
51.8%
Tennessee
46.2%
New Jersey
45%
Virginia
40.4%
Massachusetts
35.6%

You're not logged in!

Compare scores with friends on all Sporcle quizzes.
OR
Log In

You Might Also Like...

Show Comments

Extras

Top Quizzes Today


Score Distribution

Your Account Isn't Verified!

In order to create a playlist on Sporcle, you need to verify the email address you used during registration. Go to your Sporcle Settings to finish the process.

Report this User

Report this user for behavior that violates our Community Guidelines.

Details: